| 000 | 00816nam a22002057a 4500 | ||
|---|---|---|---|
| 999 |
_c58285 _d58285 |
||
| 005 | 20211022103325.0 | ||
| 008 | 211022s2007 enk||||| |||| 00| 0 eng d | ||
| 020 | _a9781599700113 | ||
| 041 | _aeng | ||
| 080 | _a17.025 X-12 | ||
| 100 |
_aХаббард, Рональд Лафайет. _912701 |
||
| 245 |
_aДорога к счастью : _bРуководсьво по улучшению жизни, основанное на здравом смысле / _cЛ. Рон Хаббард. |
||
| 264 |
_aМ. : _b"Нью Эра", _c2007. |
||
| 300 |
_a247с. : _bил. ; _c24см. |
||
| 653 | _aДорога к счастью | ||
| 653 | _aბედნიერება. | ||
| 653 | _aზნეობრივი პასუხისმგებლობა. | ||
| 653 | _aქცევა. | ||
| 942 |
_2udc _cBK |
||